El mozárabe

Gardado en:
Detalles Bibliográficos
Autor Principal: Fontaine, Jacques (Author)
Formato: Libro
Idioma:Lingua castelá
Publicado: Madrid Encuentro 1978
Series:La España Románica, 10
Subjects:
Tags: Engadir etiqueta
Sen Etiquetas, Sexa o primeiro en etiquetar este rexistro!

MARC

LEADER 00000nam a2200000 a 4500
001 UCO0155
003 CL-VaPUC
008 000420e19780000SP |||||||||||||||||spa|d
082 0 4 |a 709.46  |b FON  |2 21 
100 0 |a Fontaine, Jacques  |e author  |9 441228 
245 1 3 |a El mozárabe 
300 |a 470 p 
942 |c BK 
945 |d 20000420 00:00:00  |a crobeson 
260 |a Madrid  |b Encuentro  |c 1978 
650 0 |a Arte español  |9 341293 
650 0 |a Arte románico   |9 301890 
650 0 |a Arte islámico (musulmán)  |9 314239 
650 0 |a Arquitectura islámica   |9 266680 
583 |a last modification  |c 20000420 00:00:00  |k Rodrigo Vera 
490 0 |a La España Románica, 10 
999 |c 286873  |d 286871 
952 |0 0  |1 0  |4 0  |6 709_460000000000000_FON_1978  |7 0  |8 X  |9 333132  |a BIBHIS  |b BIBHIS  |d 2019-11-20  |i 1398962  |o 709.46 FON 1978  |p 1398962  |r 2024-01-30  |w 2019-11-20  |y BK_X  |k HIS